=LDR 00000nam 2200000 4500 =001 000744 =005 20250712012710 =035 ##$$a 0010-0725000612 =007 ta =008 250712################a##########0#ind## =020 ##$$a 978-623-307-964-8 =082 ##$$a 398.209 598 =084 ##$$a 398.209 598 KUM a =100 #$$a Kumar, Mala =245 1#$$a Aku Ingin Ini! /$c Mala Kumar =250 ##$$a Cetakan Pertama =260 ##$$a Jakarta :$b Badan Pengembangan dan Pembinaan Bahasa,$c 2024 =300 ##$$a 20 hlm. : $b ilus. ; $c 22,9 cm =650 #4$$a Cerita Anak Indonesia-Terjemahan-Arab =650 #4$$a Literasi-Bahan Bacaan =856 ##$$a TBM As Suhada =990 ##$$a TBM202400701